000 01108nam a2200217Ia 4500
999 _c2586
_d2586
008 200103s 1994 ||||xx |||||||||||||| ||und||
020 _a1850445176
082 _a623.89
_bACK
100 _aAckroyd, Neil
245 0 _aGlobal navigation: a GPS user's guide
250 _a2nd
260 _bLloyd's of London Press Ltd.
_c1994
_aLondon
300 _axxii, 196 p.: ill.
504 _aSatellites and navigation GPS and the ship Differential GPS GPS : applications and implications The GPS detail Standard C detail : IMNARSAT and global satellite communications.
520 _aThis guide looks at Global Positioning Systems from the perspective of those who are having to deal with the effects of new technology on ship operation and management. The navigation community now has full uninterrupted access to GPS, underlining the importance of satellite communications and satellite navigation in the marine.
650 _aGlobal positioning system
650 _aArtificial satellites in navigation
650 _aGPS applications
700 _aLorimer, Robert
_eCo-author
942 _cRT